| 000 | 00985nam a2200241 i 4500 | ||
|---|---|---|---|
| 001 | 25217 | ||
| 003 | ES-MaACL | ||
| 005 | 20230906153220.0 | ||
| 007 | t| | ||
| 008 | 021223s1876 sp af |||| | spa d | ||
| 080 | _a358.114(460) | ||
| 100 | 1 |
_aAramburu y Silva, Fernando. _922231 |
|
| 245 | 1 | 0 |
_aÁlbum de las armas blancas, de fuego portátiles y artillería de campaña que actualmente usa el ejército español / _cpor Fernando Aramburu y Silva. |
| 260 |
_aMadrid : _b[s.n.], _c1876 ( _fImp. del Cuerpo Administrativo del Ejército) |
||
| 300 |
_a20 p., [30] h. de lám. : _bil. ; _c23 x 33 cm. |
||
| 530 | _aDisponible en formato digital. | ||
| 597 | _aTexto a dos col. | ||
| 599 | _aLas h. de lám. litogr. | ||
| 650 | 4 |
_aArtillería de campaña- _zEspaña. _9150694 |
|
| 650 | 4 |
_aArmas blancas- _zEspaña. _9150695 |
|
| 852 |
_aES-MaACL _jG-10380 |
||
| 856 |
_uhttp://bibliotecavirtualdefensa.es/BVMDefensa/i18n/consulta/registro.cmd?id=4594 _zBiblioteca Virtual de Defensa |
||
| 999 |
_c25217 _d25217 |
||